Normal view
MARC view
Entry Personal Name
001 - CONTROL NUMBER
- control field: 3580
003 - CONTROL NUMBER IDENTIFIER
- control field: OSt
005 - DATE AND TIME OF LATEST TRANSACTION
- control field: 20150730164138.0
008 - FIXED-LENGTH DATA ELEMENTS
- fixed length control field: 150730|| aca||aabn | a|a d
040 ## - CATALOGING SOURCE
- Original cataloging agency: OSt
- Transcribing agency: OSt
100 ## - HEADING--PERSONAL NAME
- Personal name: Agarwal, U.C.
670 ## - SOURCE DATA FOUND
- Source citation: Work cat.: (OSt)15307: Agarwal, U.C., Public Administration: Vision & Reality









